|
|
|
|
| LEADER |
00000nab a2200000 ar4500 |
| 001 |
vtls008853038 |
| 003 |
SK-MaSNL |
| 005 |
20260303062223.0 |
| 008 |
061009c2006 xo mr|p|||||||000 b|slo |
| 015 |
|
|
|a SNBRB2006/10
|2 snkbucl
|
| 038 |
|
|
|a SNKBUCL
|
| 040 |
|
|
|a SNKBUCL
|b slo
|c SNKBUCL
|e AACR2
|
| 041 |
0 |
|
|a slo
|
| 044 |
|
|
|a xo
|c SK
|
| 080 |
|
|
|a 82:929:821.162.4
|2 1997
|
| 080 |
|
|
|a 821.162.4.929
|2 1997
|
| 100 |
1 |
|
|a Petrovský, Karol,
|d 1950-2010
|4 ivr
|4 aut
|9 158303
|
| 245 |
1 |
0 |
|a Päťdesiatnik Teodor Križka
|c Karol Petrovský, Teodor Križka
|
| 300 |
|
|
|b Fotogr.
|
| 600 |
1 |
7 |
|a Križka, Teodor,
|d 1956-
|2 snkbucl
|9 206539
|
| 655 |
|
7 |
|a rozhovory
|2 snkbucl
|9 31831
|
| 700 |
1 |
|
|a Križka, Teodor,
|d 1956-
|4 ive
|4 aut
|9 206539
|
| 773 |
0 |
|
|t Knižná revue
|g Roč. XVI., č. 18 (2006), s. 2
|x 1210-1982
|
| 852 |
|
|
|a SNK
|b KIS3GCP
|
| 958 |
|
|
|a LX
|
| 958 |
|
|
|a SK
|
| 999 |
|
|
|c 1738413
|d 1740343
|